• 首页
  • 本馆介绍
  • 公告通知
  • 最新文献
  • 馆藏检索
  • 电子资源
  • 读者导购
  • 参考咨询
  • 我的图书馆
  • 登录
  • 详细信息显示
  • 放入我的书架
  • 预约/预借图书
  • 作者相关作品
  • 分类相关作品
  • 丛书相关作品
  • 出版社相关作品

书目信息

  • 表格格式
  • 工作单格式
  • 卡片格式
题名:
环境保护与生态文明建设
    
 
作者: ;本书编写组 编
分册:  
出版信息: 北京   人民日报出版社  2014
页数: 312页
开本: 21cm
丛书名:
单 册:
中图分类: X-12
科图分类:
主题词: 环境保护--Huan Jing Bao Hu--中国--继续教育--教材 , 生态环境建设--Sheng Tai Huan Jing Jian She--中国--继续教育--教材
电子资源:
ISBN: 978-7-5115-2569-7
000 01055nam0 22002531 450
001 350651
005 20161012083243.71
010    @a978-7-5115-2569-7@dCNY26.00
100    @a20141202d2014 em y0chiy50 ea
101 0  @achi
102    @aCN@b110000
105    @ay z 000yy
106    @ar
200 1  @a环境保护与生态文明建设@AHuan Jing Bao Hu Yu Sheng Tai Wen Ming Jian She@f本书编写组编
210    @a北京@c人民日报出版社@d2014
215    @a312页@d21cm
300    @a专业技术人员继续教育系列教材
330    @a本书以普及生态文明与环境保护知识为出发点,系统介绍了全球和我国环境污染、生态危机的现状,及国内外关于生态文明建设、可持续发展战略、环境污染防治与应对气候变化、自然资源保护与可持续利用、循环经济、低碳建设、节能减排、农村城镇化与环境保护等方面的有益做法。
606 0  @a环境保护@AHuan Jing Bao Hu@y中国@x继续教育@j教材
606 0  @a生态环境建设@ASheng Tai Huan Jing Jian She@y中国@x继续教育@j教材
690    @aX-12@v5
711 02 @a本书编写组@ABen Shu Bian Xie Zu@4编
801  0 @aCN@bTANGWEI@c20160805
905    @b0891100-4@dX-12@e218@f5
    
    环境保护与生态文明建设/本书编写组编 .-北京:人民日报出版社,2014
    312页;21cm
    专业技术人员继续教育系列教材
    
    ISBN 978-7-5115-2569-7:CNY26.00
    本书以普及生态文明与环境保护知识为出发点,系统介绍了全球和我国环境污染、生态危机的现状,及国内外关于生态文明建设、可持续发展战略、环境污染防治与应对气候变化、自然资源保护与可持续利用、循环经济、低碳建设、节能减排、农村城镇化与环境保护等方面的有益做法。
●
相关链接 在E读中查询图书 在五车中查询图书 在当当中查询图书 在豆瓣中查询图书


正题名:环境保护与生态文明建设     索取号:X-12/218         预约/预借

序号 登录号 条形码 馆藏地/架位号 状态 备注
1 0891100   208911007   第二样本阅览室/ [索取号:X-12/218] 在馆    
2 0891101   208911016   第三借阅区/ [索取号:X-12/218] 在馆    
3 0891102   208911025   第三借阅区/ [索取号:X-12/218] 在馆    
4 0891103   208911034   第三借阅区/ [索取号:X-12/218] 在馆    
5 0891104   208911043   第三借阅区/ [索取号:X-12/218] 在馆    
唐山师范学院图书馆 欢迎您!
大连网信软件有限公司© 版权所有